<?xml version="1.0" encoding="UTF-8"?>
<marc:record xmlns:marc="http://www.loc.gov/MARC21/slim">
   <marc:leader>00000nam a2200000 a 4500</marc:leader>
   <marc:datafield ind1="1" ind2=" " tag="100">
      <marc:subfield code="a">Hula, Saskia</marc:subfield>
      <marc:subfield code="4">aut</marc:subfield>
      <marc:subfield code="e">Verfasser/-in</marc:subfield>
   </marc:datafield>
   <marc:datafield ind1="1" ind2=" " tag="100">
      <marc:subfield code="a">Chalmers, Natasha</marc:subfield>
   </marc:datafield>
   <marc:datafield ind1="0" ind2="0" tag="245">
      <marc:subfield code="a">Wo ist denn der Nikolaus?</marc:subfield>
   </marc:datafield>
   <marc:datafield ind1="0" ind2="0" tag="245">
      <marc:subfield code="c">Saskia Hula. Mit Farbbildern von Natasha Chalmers</marc:subfield>
   </marc:datafield>
   <marc:datafield ind1=" " ind2="1" tag="264">
      <marc:subfield code="a">Innsbruck</marc:subfield>
      <marc:subfield code="b">Obelisk-Verl.</marc:subfield>
      <marc:subfield code="c">2007</marc:subfield>
   </marc:datafield>
   <marc:datafield ind1="1" ind2=" " tag="520">
      <marc:subfield code="a">Wohin mit dem Nikolaussackerl, das man zuviel bekommen hat? (ab 6) (JE) Die kleine Ich-Erzählerin Emilia besucht ihre Freundin am Nikolaustag und bekommt wie diese ein Nikolaussackerl, sogar ein ganz großes! Daheim findet sich dann noch eines vor der Tür! Für Emilia ist klar: Der Nikolaus hat sich geirrt und nun wird ein anderes Kind leer ausgehen. Sie muss das Nikolaussackerl zurückgeben, soviel steht fest. Was Emilia alles anstellt und erlebt, ist lustig zu lesen. Mit der großen Schrift und den ansprechenden Illustrationen, ist diese nette Geschichte geeignet für kleine LeserInnen ab 6. *bn* Rebecca Englert</marc:subfield>
   </marc:datafield>
   <marc:datafield ind1=" " ind2=" " tag="020">
      <marc:subfield code="a">9783851975499</marc:subfield>
      <marc:subfield code="9">9783851975499</marc:subfield>
   </marc:datafield>
   <marc:datafield ind1=" " ind2=" " tag="020">
      <marc:subfield code="a">3851975499</marc:subfield>
      <marc:subfield code="9">3851975499</marc:subfield>
   </marc:datafield>
   <marc:datafield ind1=" " ind2=" " tag="300">
      <marc:subfield code="a">61 S. : zahlr. Ill.</marc:subfield>
   </marc:datafield>
</marc:record>
